| 000 | 00607nam a22002417a 4500 | ||
|---|---|---|---|
| 003 | UA-OsUOA | ||
| 001 | 91727 | ||
| 007 | ta | ||
| 008 | 20121204b un ||||| |||| 00| 0 ukr d | ||
| 100 | _aХижняк А. | ||
| 090 |
_a821.161.2 _bХ43 |
||
| 942 | _cBK | ||
| 040 |
_aUA-OsUOA _bukr _cUA-OsUOA _dUA-OsUOA |
||
| 245 |
_aТамара _bповість |
||
| 300 | _a191 с. | ||
| 955 | _a3 | ||
| 041 | _aukr | ||
| 080 | _a821.161.2 | ||
| 020 | _a5-308-00522-2 | ||
| 260 |
_aК. _bДніпро _c1989 |
||
| 650 | 7 |
_a82 Література. Літературознавство _2UDC |
|
| 999 |
_c377987 _d377987 |
||